Novelas escogidas [de Ellery Queen] : tomo I /

Na minha lista:
Detalhes bibliográficos
Autor principal: Queen, Ellery (autor)
Formato: Livro
Idioma:espanhol
Publicado em: México : Aguilar, 1980, c1980
Colecção:(Obras Escogidas Aguilar)
Assuntos:
Tags: Adicionar Tag
Sem tags, seja o primeiro a adicionar uma tag!

MARC

LEADER 00000nam^a2200000^a^4500
001 000371958
005 20250521000000.0
009 20260310115946.261
020 |a 968-19-0297-1 
020 |a 968-19-0296-3 
025 |a Donación Juan Diego Castillo, 1 ejemplar 
037 |a Acervo ITESO - Biblioteca 
041 |a ESP 
082 |a 808. 83  |b OBR V. 9 T. 1 
100 |a Queen, Ellery  |e (autor) 
240 1 3 |a [El misterio del sombrero de copa] 
240 1 3 |a [El misterio de la cruz egipcia] 
240 1 3 |a [El misterio del zapato blanco] 
240 1 1 |a [Novelas escogidas de Ellery Queen] 
245 1 0 |a Novelas escogidas [de Ellery Queen] :  |b tomo I /  |c E. Queen ; tr. por Leonardo Defel, Alfredo de León. 
264 4 |a México :  |b Aguilar,  |c 1980, c1980 
300 |a 613 p. 
336 |a texto  |b txt  |2 rdacontenido 
337 |a sin mediación  |b n  |2 rdamedio 
338 |a volumen  |b nc  |2 rdasoporte 
440 1 |a (Obras Escogidas Aguilar) 
500 |a Traducción de: The Roman Hat Mistery 
500 |a Traducción de: The Egyptian Cross Mistery 
500 |a Traducción de: The Dutch Shoe Mistery 
649 |a XX 
650 |a Novela Norteamericana 
650 |a Literatura Norteamericana -  |y Siglo XX 
650 |a Literatura Policíaca y de Misterio -  |z EUA 
740 3 |a El misterio del sombrero de copa /  |c E. Queen ; tr. por Leonardo Defel. 
740 3 |a El misterio de la cruz egipcia /  |c E. Queen ; tr. por Alfredo de León. 
740 3 |a El misterio del zapato blanco /  |c E. Queen ; tr. por Alfredo de León. 
910 |a Fondo Castillo-Martínez 
920 |a Impresos - Libros 
930 |a Fondos Especiales 
940 |a Literatura 
905 |a 127 
901 |a 0500266275  |b IT2  |c ESP  |i D  |u 20250521 
902 |a https://opac.biblio.iteso.mx/vufind/Record/000371958